Спасательная операция: Фантастические произведения; [пер. с англ.]; Спасательный корабль; Падающая звезда. Рассказы

Bibliographic Details
Main Author: Гаррисон Г. Гарри
Other Authors: Диксон Г. Гордон
Language:Russian
Published: Москва, ЭКСМО-Пресс, 1999
TOC:Гарри Гаррисон, Гордон Диксон, Спасательный корабль;
Гарии Гаррисон, Падающая звезда. Рассказы;
Series:Стальная Крыса
Subjects:
Format: Book
KOHA link:https://koha.lib.tpu.ru/cgi-bin/koha/opac-detail.pl?biblionumber=11840

MARC

LEADER 00000nam0a2200000 4500
001 11840
005 20260403112910.0
010 |a 5040027419 
035 |a (RuTPU)RU\TPU\book\11914 
035 |a BOOK00011980 
090 |a 11840 
100 |a 20011209d1999 m y0rusy50 ca 
101 1 |a rus  |c eng 
102 |a RU 
105 |a a z 000ay 
181 0 |a i   |b  e  
182 0 |a n 
183 0 |a nc  |2 RDAcarrier 
200 1 |a Спасательная операция  |e Фантастические произведения  |e [пер. с англ.]  |f Гарри Гаррисон, Гордон Диксон 
203 |a Текст  |b визуальный  |c непосредственный 
210 |a Москва  |c ЭКСМО-Пресс  |d 1999 
215 |a 544 с.  |c ил. 
225 1 |a Стальная Крыса 
283 |a volume  |2 RDAcarrier 
464 1 |t Спасательный корабль  |f Гарри Гаррисон, Гордон Диксон 
464 1 |t Падающая звезда. Рассказы  |f Гарии Гаррисон 
606 |a Американская литература (англо-язычная литература)  |9 52349 
610 1 |a рассказы 
610 1 |a фантастика 
610 1 |a романы 
675 |a 82  |v 3 
700 1 |a Гаррисон  |b Г.  |g Гарри 
701 1 |a Диксон  |b Г.  |g Гордон 
801 0 |a RU  |b 63413507  |c 20011209  |g PSBO 
801 2 |a RU  |b 63413507  |c 20051114  |g PSBO 
942 |c BK